1821 1799 1386 1284 1859 1276 1661 1136 1508 1313 1167 1866 1948 1720 1766 1355 1780 1066 1278 1098 1593 1405 1899 1481 1675 1678 1361 1185 1712 1533 1173 1063 1042 1118 1481 1457 1591 1327 1403 1897 1603 1920 1117 1273 1009 1306 1694 1136 1500 1056 1471 1054 1376 1552 1191 1858 1022 1758 1883 1970 1836 1075 1647 1266 1466 1127 1837 2000 1565 1992 2000 1550 1627 1163 1338 1401 1409 1704 1687 1202 1292 1090 1512 1341 1641 1834 1182 1664 1692 1317 1960 1203 1193 1424 1877 1034 1956 1297 1214 BCNSPRNW ULIB Ver.6.0+V

เปลี่ยนเป็นภาษาไทย

Change to English
 แสดงรายละเอียดบรรณานุกรม
  กลับหน้าหลัก

Brief Record : Get Marc (ISO 2709) : E-mail record : QR code < ปิดหน้าต่าง
LEADER : 00000nam 2200000uu 4500
001    13399122198
003     ULIB
008    130109s2555||||th 000 0 tha d
020    ^a9789747531954
060  4 ^aWP610^bอ143
100 0  ^aอติวุทธ กมุทมาศ
245 10 ^aนรีเวชวิทยาในหญิงที่เปลี่ยนเพศจากชาย =^bFemale transsexualgynecology/^c[ผู้นิพนธ์] อติวุทธ กมุทมาศ
246 31 ^aFemale transsexual gynecology
250    ^aพิมพ์ครั้งแรก
260    ^aกรุงเทพฯ :^bยูเนี่ยน ครีเอชั่น,^c2555
300    ^aก-ฏ, 80 หน้า :^bภาพประกอบ
650  7 ^aการแปลงเพศ^xแง่สรีรวิทยา
650  7 ^aอวัยวะสืบพันธุ์^xศัลยกรรม
650  7 ^aผู้แปลงเพศ^xการตรวจสุขภาพ
650  7 ^aผู้แปลงเพศ^xแง่สรีรวิทยา
945    ^p150^l0^i19659
945    ^p150^l0^i24939
945    ^p150^l0^i24940
945    ^p150^l0^i24941
945    ^p150^l0^i24942
945    ^p150^l0^i24943
995    ^aกัณชพร
999    ^aกัณชพร
รายการนี้ยังไม่มีแท็ก
คุณยังไม่ได้ล็อกอิน คุณสามารถมีกิจกรรมร่วมกับเว็บไซต์ได้ แต่ต้องล็อกอินก่อน ::
  ล็อกอิน

รายการสื่อสารสนเทศ

ลำดับที่ ประเภท เลขเรียก/บาร์โค้ด สถานที่ สถานะ
1. วิทยาศาสตร์การแพทย์ และสุขภาพ
วิทยาศาสตร์การแพทย์ และสุขภาพ
สถานะ=หนังสือเก่า
WP610 อ143  
  Barcode: 19659
ห้องสมุดวิทยาเขตนครสวรรค์
►ส่วนจัดเก็บหนังสือเก่า นว.
บนชั้น
  ขอยืม
2. วิทยาศาสตร์การแพทย์ และสุขภาพ
วิทยาศาสตร์การแพทย์ และสุขภาพ
สถานะ=หนังสือเก่า
WP610 อ143 ฉ.2 
  Barcode: 24939
ห้องสมุดวิทยาเขตนครสวรรค์
►ส่วนจัดเก็บหนังสือเก่า นว.
บนชั้น
  ขอยืม
3. วิทยาศาสตร์การแพทย์ และสุขภาพ
วิทยาศาสตร์การแพทย์ และสุขภาพ
สถานะ=หนังสือเก่า
WP610 อ143 ฉ.3 
  Barcode: 24940
ห้องสมุดวิทยาเขตนครสวรรค์
►ส่วนจัดเก็บหนังสือเก่า นว.
บนชั้น
  ขอยืม
4. วิทยาศาสตร์การแพทย์ และสุขภาพ
วิทยาศาสตร์การแพทย์ และสุขภาพ
สถานะ=หนังสือเก่า
WP610 อ143 ฉ.4 
  Barcode: 24941
ห้องสมุดวิทยาเขตนครสวรรค์
►ส่วนจัดเก็บหนังสือเก่า นว.
บนชั้น
  ขอยืม
5. วิทยาศาสตร์การแพทย์ และสุขภาพ
วิทยาศาสตร์การแพทย์ และสุขภาพ
สถานะ=หนังสือเก่า
WP610 อ143 ฉ.5 
  Barcode: 24942
ห้องสมุดวิทยาเขตนครสวรรค์
►ส่วนจัดเก็บหนังสือเก่า นว.
บนชั้น
  ขอยืม
6. วิทยาศาสตร์การแพทย์ และสุขภาพ
วิทยาศาสตร์การแพทย์ และสุขภาพ
สถานะ=หนังสือเก่า
WP610 อ143 ฉ.6 
  Barcode: 24943
ห้องสมุดวิทยาเขตนครสวรรค์
►ส่วนจัดเก็บหนังสือเก่า นว.
บนชั้น
  ขอยืม

รายการใกล้เคียง
    ผู้แต่ง [อติวุทธ กมุทมาศ]

BibComment


ยังไม่เคยถูกคอมเมนท์

คอมเมนท์ทรัพยากรรายการนี้
  คอมเมนท์: นรีเวชวิทยาในหญิ..


 Copyright 2026. Bcnsprnw @Library